আমার নতুন জন্ম / (Record no. 912)
[ view plain ]
| 000 -LEADER | |
|---|---|
| fixed length control field | 00678nam a2200241 a 4500 |
| 001 - CONTROL NUMBER | |
| JCCL Control Number | 912 |
| 003 - CONTROL NUMBER IDENTIFIER | |
| JCCL marc code | BD-JhCC |
| 005 - DATE AND TIME OF LATEST TRANSACTION | |
| control field | 20171011132016.0 |
| 008 - FIXED-LENGTH DATA ELEMENTS--GENERAL INFORMATION | |
| fixed length control field | 171011s xxu |||| |||| 00| 0 ben d |
| 020 ## - INTERNATIONAL STANDARD BOOK NUMBER | |
| International Standard Book Number | 9844018390 |
| 035 ## - SYSTEM CONTROL NUMBER | |
| system control number | (BD-JhCC)912 |
| 040 ## - CATALOGING SOURCE | |
| Original cataloging agency | BD-JhCC |
| Modifying agency | BD-JhCC |
| 041 ## - LANGUAGE CODE | |
| Language code of Book | ben |
| 082 ## - DEWEY DECIMAL CLASSIFICATION NUMBER | |
| Classification number | 923.1 |
| Author mark and Year | AJA 2005 |
| 100 ## - MAIN ENTRY--PERSONAL NAME | |
| Personal name | আজাদ, হুমায়ুন |
| 245 ## - TITLE STATEMENT | |
| Title | আমার নতুন জন্ম / |
| Statement of responsibility, etc | হুমায়ুন আজাদ |
| 260 ## - PUBLICATION, DISTRIBUTION, ETC. (IMPRINT) | |
| Place of publication, distribution, etc | ঢাকাঃ |
| Name of publisher, distributor, etc | আগামী প্রকাশনী, |
| Date of publication, distribution, etc | 2005 |
| 300 ## - PHYSICAL DESCRIPTION | |
| Pagination | 95 p. : |
| Dimensions | 21 cm. |
| 600 ## - SUBJECT ADDED ENTRY--PERSONAL NAME | |
| Personal name | Azad, Humayun |
| 651 ## - SUBJECT ADDED ENTRY--GEOGRAPHIC NAME | |
| General subdivision | Biography |
| 942 ## - ADDED ENTRY ELEMENTS (KOHA) | |
| Source of classification or shelving scheme | Dewey Decimal Classification |
| Koha item type | Books |
| Source of classification or shelving scheme | Damaged status | Not for loan | Home library | Current library | Shelving location | Date of accession | Source of acquisition | Cost, normal purchase price | Total Checkouts | Full call number | Barcode | Date last seen | Copy number | Koha item type |
|---|---|---|---|---|---|---|---|---|---|---|---|---|---|---|
| Dewey Decimal Classification | JCC Rouf Library | JCC Rouf Library | General Stacks | 10/11/2017 | Foundation of tenth's Efforts | 80.00 | 923.1 AJA 2005 | 1739 | 10/11/2017 | C-1 | Books | |||
| Dewey Decimal Classification | JCC Rouf Library | JCC Rouf Library | General Stacks | 10/30/2017 | Fundation of the Tenth's Efforts | 80.00 | 923.1 AJA 2005 | 3581 | 10/30/2017 | C-2 | Books |